000 00696nam a22001937a 4500
003 DO-SdBNP
005 20220211081953.0
008 210316b2020 dr ||||| |||| 00| 0 spa d
020 _a9789945610291
040 _aDO-SdBNP
_bspa
_cBNPHU
082 4 _aBNPHU 342.7293041
_bR426L, 2020
110 _aRepùblica Dominicana
_9447
_bTribunal Constitucional
245 _aLey nùmero 137-11 orgànica del Tribunal Constitucional y los procedimientos constitucionales :
_breglamento jurisdiccional del Tribunal Constitucional
260 _aSanto Domingo :
_bTribunal Constitucional,
_c2020.
300 _a79 p. ;
_c24 cm.
590 _aInventariado, 2021 / DG
910 _aDgarcía
942 _2ddc
_cLBS1
999 _c49576
_d49576